Manual de retórica literaria (Tomo II)
Gorde:
| Egile nagusia: | |
|---|---|
| Formatua: | Liburua |
| Hizkuntza: | Undetermined |
| Argitaratua: |
Madrid, España
Gredos
1967
|
| Gaiak: | |
| Etiketak: |
Etiketa erantsi
Etiketarik gabe, Izan zaitez lehena erregistro honi etiketa jartzen!
|
MARC
| LEADER | 00000nam a2200000Ia 4500 | ||
|---|---|---|---|
| 008 | 170316s9999 xx 000 0 und d | ||
| 090 | |a 801 L-6m v.2 | ||
| 100 | |a Lausberg, Heinrich | ||
| 245 | |a Manual de retórica literaria (Tomo II) | ||
| 260 | |a Madrid, España | ||
| 260 | |b Gredos | ||
| 260 | |c 1967 | ||
| 300 | |a 517 páginas Tomo II. | ||
| 650 | |a TEORÍA LITERARIA | ||
| 650 | |a LINGÜÍSTICA HISTÓRICA | ||
| 650 | |a RETÓRICA | ||
| 650 | |a POÉTICA | ||
| 650 | |a VEROSIMILITUD | ||
| 650 | |a BARBARISMOS | ||
| 650 | |a LA ORACIÓN | ||
| 650 | |a NARRACIÓN | ||
| 650 | |a DRAMA | ||
| 650 | |a GÉNEROS MENORES | ||
| 999 | |c 20441 |d 20441 | ||
| 040 | |a cru BVZT | ||
| 942 | |c 15 D |h 801 L-6m v.2 |2 z | ||
